Indian folktales / (Record no. 180618)

MARC details
000 -LEADER
fixed length control field 00636nam a22002057a 4500
005 - DATE AND TIME OF LATEST TRANSACTION
control field 20210812144557.0
010 ## - LCCN (DPL NO)
LC control number B-741098
020 ## - INTERNATIONAL STANDARD BOOK NUMBER
International Standard Book Number 9788184776652
Terms of availability 150.00
035 ## - SYSTEM CONTROL NUMBER
System control number B-741098
037 ## - SOURCE OF ACQUISITION
Source of stock number/acquisition Gift
082 ## - DEWEY DECIMAL CLASSIFICATION NUMBER
Classification number S
100 ## - MAIN ENTRY--PERSONAL NAME
Personal name Anupa Lal
245 ## - TITLE STATEMENT
Title Indian folktales /
Statement of responsibility, etc by Anupa Lal ; illustrated by Uma Krishnaswamy
260 ## - PUBLICATION, DISTRIBUTION, ETC. (IMPRINT)
Place of publication, distribution, etc Gurgaon
Name of publisher, distributor, etc Scholastic
Date of publication, distribution, etc 2014
270 ## - ADDRESS
Address Golf View Corporate Tower-A, 3rd Floor, DLF Phase V,
City Gurgaon
Postal code 122002
300 ## - PHYSICAL DESCRIPTION
Extent 116p.:
Other physical details ill.
Dimensions 19cm(pbk)
700 ## - ADDED ENTRY--PERSONAL NAME
Personal name Krishnaswamy, Uma
942 ## - ADDED ENTRY ELEMENTS (KOHA)
Source of classification or shelving scheme Dewey Decimal Classification
Item type Children Books
Classification part S
Call number suffix ANU
Holdings
Withdrawn status Lost status Not for loan Collection code Home library Current library Date acquired Source of acquisition Cost, normal purchase price Full call number Barcode Copy number Cost, replacement price Koha item type Public note
      Fiction Central Library Central Library 12/08/2021 Gift/Eng/09-08-2021 150.00 S ANU B-741098 1 150.00 Children Books Gift

© Delhi Public Library
Hit Counter
free hit counter